| 000 | 01153camaa22003257a 4500 | ||
|---|---|---|---|
| 001 | 20854 | ||
| 003 | SpMaBN | ||
| 005 | 20260701170006.0 | ||
| 008 | 900725s1966 sp 1 dspa|| | ||
| 035 | _a(OCoLC)431989853 | ||
| 040 |
_aSpMaBN _dAR-RoBPED |
||
| 041 |
_aspa _hfre |
||
| 100 | 1 |
_aClot, René Jean _d1913-1997 _920902 |
|
| 245 | 1 | 3 |
_aLa educación artística / _cRené-Jean Clot ; prólogo de Jean Wahl ; traducción de M. B. de Brachfeld |
| 250 | _a3a ed. | ||
| 260 |
_aBarcelona : _bLuis Miracle, _c1966. |
||
| 300 | _a124 p. | ||
| 490 | 0 |
_aPaideia ; _v24 |
|
| 500 | _aTítulo original en francés: L'education artistique. | ||
| 650 | 4 |
_aEDUCACION PLASTICA _9369 |
|
| 650 | 4 |
_aDIBUJO _91196 |
|
| 650 | 4 |
_aENSEÑANZA DE LA EDUCACION ARTISTICA _9976 |
|
| 700 | 1 |
_aWahl, Jean André _d1888-1974 _eprol. _931094 |
|
| 700 | 1 |
_aBrachfeld, María Bages de _d1908-1967 _etrad. _931095 |
|
| 942 |
_2udc _cBK _kA _h37.036 _mC 63 _ak. 20854 _pInv. 36524 |
||
| 956 | _a1 2 | ||
| 980 |
_aM-BN _bBNMADRID _j4/137741 _cSG_RECOLET |
||
| 980 |
_aM-BN _bBNALCALA _jDL/67069 _cCONSERVACI |
||
| 999 |
_c20854 _d20854 |
||